000 00697nmm a2200253 a 4500
003 AR-BaBNM
005 20251128202937.0
008 086019s1948 ||||||||||||||000 | spa||
040 _cAR-BaBNM
100 1 _aZuloaga, Angel María
245 1 0 _aLa victoria de las alas
_bhistoria de la aviación argentina
250 _a1ª ed.
260 _aBuenos Aires
_bEl Ateneo
_c1948
300 0 _a386 p.
_bil., mapas
504 _aReferencias bibliográficas en p. 13-14
650 4 _aHISTORIA AEREA
650 4 _aFUERZA AEREA
650 4 _aHISTORIA MILITAR
650 4 _aINGENIERIA AERONAUTICA
650 4 _aHISTORIA ARGENTINA
650 4 _aFUERZAS ARMADAS
942 _cBK
998 _cMARTIN
999 _c1236
_d1236